LEADER 01225nam2 2200337 450 001 000028569 005 20110601140500.0 010 $a3-446-12096-3 100 $a20110601d1975----km-y0itaa50------ba 101 0 $ager 102 $aDE 200 1 $aTitan(II)$aAnhang zu den Bänden 5 und 6$fherausgegeben von Norbert Miller$gnachwort von Walter Höllerer 210 $aMünchen ; Wien$cHanser$dc1975 215 $aP. 606-1174$d19 cm 225 2 $aReihe Hanser$v200/6 410 0$12001$aReihe Hanser$v200/6 423 1$12001$aAnhang zu den Bänden 5 und 6 461 1$1001000028563$12001$aJean Paul Werke$v6 676 $a833.6$v(21. ed.)$9Narrativa tedesca. 1750-1832 700 1$aJean Paul$f<1763-1825>$0175043 702 1$aMiller,$bNorbert 702 1$aHöllerer,$bWalter 801 0$aIT$bUniversità della Basilicata - B.I.A.$gRICA$2unimarc 912 $a000028569 996 $aAnhang zu den B?nden 5 und 6$995598 996 $aTitan(II$995597 997 $aUNIBAS BAS $aLETTERE CAT $aTTM$b30$c20110601$lBAS01$h1405 FMT Z30 -1$lBAS01$LBAS01$mBOOK$1BASA1$APolo Storico-Umanistico$2FMAS$BFondo Masini$3FMas/817/3868$6817/3868$5B817/3868$820110601$f04$FPrestabile Didattica$hVol. 6